| 000 | 01006nam a2200301 i 4500 | ||
|---|---|---|---|
| 001 | bg | ||
| 100 | 1 | _aTeixidó Camí, Josepmaria | |
| 245 | 1 | 0 |
_aSztuka rzeźbienia w drewnie / _cJosepmaria T. Camí, Jacinto Santamera ; [tł. z ang. Inga Raczko-Runkiewicz]. |
| 246 |
_iTyt. oryg.: _aLa talla : escultura en madera |
||
| 250 | _aWyd.1, dodr. | ||
| 260 |
_aWarszawa : _b"Arkady", _c2002. |
||
| 300 |
_a192 s. : _bil. kolor. ; _c31 cm. |
||
| 500 | _aTyt. oryg. hisz.: "La talla : escultura en madera". | ||
| 504 | _aBibliogr. - Indeks. | ||
| 650 | 9 | _aSnycerstwo | |
| 655 | _aPodręczniki | ||
| 700 | 1 | _aCHICHARRO SANTAMERA, Jacinto | |
| 700 | 1 |
_aRACZKO-RUNKIEWICZ, Inga. _eTł. |
|
| 015 | _aPB 2657/2000 | ||
| 020 | _a8321339840 | ||
| 040 | _cBPK | ||
| 041 | 1 |
_apol _heng |
|
| 080 | _a745.51(07)(02.025.2) | ||
| 920 | _a83-213-3984-0 | ||
| 942 | _cKS | ||
| 008 | s pl f |000 0 pol | ||
| 999 |
_c46217 _d46217 |
||
| 856 |
_uhttp://koha.tu.koszalin.pl/cgi-bin/koha/opac-detail.pl?biblionumber=46217 _yKatalog online BPK |
||